000 00927nam a2200229Ii 4500
003 JO-AjNU
008 230605s9999||||xx |||||||||||||| ||und||
017 _a2020/9/2789
020 _a978-9957-66-250-1
040 _aJO-AjNU
_bara
_erda
_cJO-AjNU
041 _aara
050 1 4 _aDP101 2021
100 3 _aتاليف:ابراهيم، سامي خليل,
_eauthor
_960290
245 0 0 _aالاحوال العامة للاندلس في ولاية يوسف بن عبدالرحمن الفهري(129-142هـ/746-759م): دراسة تاريخية
250 _aالطبعة الاولى
264 3 1 _aعمان: دار الحامد للنشر والتوزيع،2021
300 _a321ص
_b ويحتوي على ملاحق و قائمة مراجع من ص273ص- 321ص
336 _atext
_btxt
_2rdacontent
337 _aunmediated
_bn
_2rdamedia
338 _avolume
_bnc
_2rdacarrier
650 4 _aالاندلس-تاريخ
_960291
999 _aA27178
_c30746
_d30746